Click the OOO Words Quiz Stats

 Plays Quiz Updated Nov 26, 2014

Challenge
Share
Tweet
Embed
Score 0/24 Timer 04:00
1 Play Today
% Correct
Oncologist
94%
Cocoon
94%
Tomorrow
93.8%
Poolroom
93.3%
Notebook
93.2%
Promotion
93.2%
Onlooker
92.9%
Overproduction
92.3%
Poisonous
92.1%
Notorious
91.7%
Contortion
91.6%
Nonconformist
91.3%
% Correct
Outdoor
91.2%
Commotion
91.1%
Monopoly
90.6%
Protocol
90.4%
Overshoot
89.3%
Concoction
88.8%
Cooperation
87.8%
Provocation
87.2%
Proposition
86.6%
Proportion
85.8%
Connotation
85.6%
Opposition
84.8%

You're not logged in!

Compare scores with friends on all Sporcle quizzes.
Join for Free
OR
Log In

You Might Also Like...

Show Comments

Extras

Top Quizzes Today


Score Distribution

Your Account Isn't Verified!

In order to create a playlist on Sporcle, you need to verify the email address you used during registration. Go to your Sporcle Settings to finish the process.

Report this User

Report this user for behavior that violates our Community Guidelines.

Details: